Literárne listy príloha k časopisu Kazateľňa

Bibliographic Details
Format: Journal
Language:Slovak
PhysicalDescription:19 zv. 16 x 25 cm
Published: Ružomberok František Richard Osvald 1891-1908, 1930
Trnava [Spolok sv. Vojtecha]
ISSN:1337-1428
Subjects:

MARC

LEADER 00000cas a22000001a 4500
001 vtls010298173
003 SK-MaSNL
005 20260228162521.0
008 200401d18911930xo qr p 0 b0slo
022 |a 1337-1428 
040 |a SNK  |b slo  |c SNK  |e AACR2 
041 0 |a slo 
044 |a xo  |c SK 
072 7 |a 82  |x Literatúra. Literárny život  |2 konspekt 
080 |a 82.0  |2 2001 
080 |a 82-97  |2 2001 
080 |a 050  |2 2001 
210 0 |a Lit. listy 
222 0 |a Literárne listy 
245 0 0 |a Literárne listy  |b príloha k časopisu Kazateľňa 
260 |a Ružomberok  |b František Richard Osvald  |c 1891-1908, 1930 
260 3 |3 1930  |a Trnava  |b [Spolok sv. Vojtecha] 
300 |a 19 zv.  |c 16 x 25 cm 
310 |a 4x ročne  |b 1930 
321 |a Periodicita nie je známa  |b 1891-1908 
362 0 |a Roč. I, č. 1 (1891)-roč. XIX, č. 3 (1930) 
500 |a Tlač Karol Salva v Ružomberku, od roč. XIII (1903) Salva a Herle v Ružomberku, od roč. XVI (1906) K. Salva v Ružomberku, od roč. XIX (1930) [Kníhtlačiareň Spolku Sv. Vojtecha] 
500 |a Zmena podnázvu od 1/1930: príloha Katolíckych kázní 
500 |a Redaktori sa menia 
580 |a R. 1891-1908 príloha ku časopisu Kazateľňa, r. 1930 príloha ku časopisu Katolícke kázne 
650 0 7 |a literatúra  |2 SNKPH  |9 1427 
655 7 |a literárne časopisy  |2 SNKPH  |9 125450 
772 0 |t Kazateľňa  |x 1337-1304  |w vtls001313044 
772 0 |t Katolícke kázne  |x 1337-4877  |w vtls010300163 
910 |a snk 
916 |a 1891-1908, 1930 
958 |a OND 
999 |c 7992  |d 9922 
952 |t č. 1-6  |a SNK  |b SNK  |y PREZ  |7 0  |p 17A0061141  |o snkČSB 91/1/1891  |i snk2097/27  |f 1  |0 0  |1 0  |4 0  |d 1997-04-16  |l 0  |r 2005-01-02 00:00:00  |w 2026-02-21 
952 |t č. 1-8  |a SNK  |b SNK  |y PREZ  |7 0  |p 17A0386748  |o snkČSB 91/12/1902  |i snk468/32  |z č. 1-8  |f 1  |0 0  |1 0  |4 0  |d 2003-06-19  |l 0  |r 2005-01-02 00:00:00  |w 2026-02-21 
952 |t č. 1-6  |a SNK  |b SNK  |y PREZ  |7 0  |p 17A0390256  |o snkČSB 91/4/1894 D1  |i snkF 1511/68  |8 5  |z č. 1-6  |0 0  |1 0  |4 0  |d 2003-07-31  |l 0  |r 2005-01-02 00:00:00  |w 2026-02-21 
952 |t č. 1-6  |a SNK  |b SNK  |y PREZ  |7 0  |p 17A0061163  |o snkČSB 91/10/1900  |i snk466/32  |f 1  |0 0  |1 0  |4 0  |d 1997-04-16  |l 0  |r 2005-01-02 00:00:00  |w 2026-02-21 
952 |t č. 1-5  |a SNK  |b SNK  |y PREZ  |7 0  |p 17A0061166  |o snkČSB 91/5/1895  |i snk461/32  |f 1  |0 0  |1 0  |4 0  |d 1997-04-16  |l 0  |r 2005-01-02 00:00:00  |w 2026-02-21 
952 |a SNK  |b SNK  |y PREZ  |7 0  |p 17A0061177  |o snkČSB 91/4/1894  |0 0  |1 1  |4 0  |d 1997-04-16  |l 0  |r 2005-01-02 00:00:00  |w 2026-02-21 
952 |t č. 1-6  |a SNK  |b SNK  |y PREZ  |7 0  |p 17A0129603  |o snkČSB 91/4/1894  |i snk2162/29  |f 1  |0 0  |1 0  |4 0  |d 1998-03-20  |l 0  |r 2005-01-02 00:00:00  |w 2026-02-21 
952 |t č. 1-7  |a SNK  |b SNK  |y PREZ  |7 0  |p 17A0061165  |o snkČSB 91/3/1893  |i snk2099/27  |f 1  |0 0  |1 0  |4 0  |d 1997-04-16  |l 0  |r 2005-01-02 00:00:00  |w 2026-02-21 
952 |t č. 1-7  |a SNK  |b SNK  |y PREZ  |7 0  |p 17A0061173  |o snkČSB 91/7/1897 D1  |i snk463/32  |0 0  |1 0  |4 0  |d 1997-04-16  |l 0  |r 2005-01-02 00:00:00  |w 2026-02-21 
952 |t č. 1-6  |a SNK  |b SNK  |y PREZ  |7 0  |p 17A0061174  |o snkČSB 91/8/1898  |i snk464/32  |f 1  |0 0  |1 0  |4 0  |d 1997-04-16  |l 0  |r 2005-01-02 00:00:00  |w 2026-02-21 
952 |t č. 1-4  |a SNK  |b SNK  |y PREZ  |7 0  |p 17A0061175  |o snkČSB 91/9/1899  |i snk465/32  |f 1  |0 0  |1 0  |4 0  |d 1997-04-16  |l 0  |r 2005-01-02 00:00:00  |w 2026-02-21 
952 |a SNK  |b SNK  |y PREZ  |7 0  |p 17A0070966  |o snkČSB 91/10/1900 D2  |0 0  |1 0  |4 0  |d 1997-06-04  |l 0  |r 2005-01-02 00:00:00  |w 2026-02-21 
952 |a SNK  |b SNK  |y PREZ  |7 0  |p 17A0070958  |o snkČSB 91/1-7/1891-1897 D1  |0 0  |1 0  |4 0  |d 1997-06-04  |l 0  |r 2005-01-02 00:00:00  |w 2026-02-21 
952 |t č. 1-10, neúpl.  |a SNK  |b SNK  |y PREZ  |7 0  |p 17A0688214  |o snkČSB 91/16/1906 D2  |i snkF 916/88  |8 5  |z chýba č. 8  |0 0  |1 0  |4 0  |d 2011-02-01  |l 0  |r 2026-02-21 19:56:33  |w 2026-02-21 
952 |a SNK  |b SNK  |y PREZ  |7 0  |p 17A0677767  |o snkČSB 91/8-18/1898-1908 D1  |i snkK 3564/60  |8 3  |0 0  |1 0  |4 0  |d 2010-12-03  |l 1  |r 2026-03-26 15:08:28  |s 2026-03-26  |w 2026-02-21 
952 |t č. 1-7  |a SNK  |b SNK  |y PREZ  |7 0  |p 17A0553859  |o snkČSB 91/3/1893 D1  |i snkF 1481/68  |8 5  |3 rekatalogizácia  |0 0  |1 0  |4 0  |d 2007-06-12  |l 0  |r 2026-02-21 20:20:44  |w 2026-02-21 
952 |t č. 1-3  |a SNK  |b SNK  |y PREZ  |7 0  |p 17A0093436  |o snkČSB 91/19/1930  |i snk125/39  |f 1  |0 0  |1 0  |4 0  |d 1997-09-16  |l 0  |r 2005-01-02 00:00:00  |w 2026-02-21 
952 |t č. 1-3  |a SNK  |b SNK  |y PREZ  |7 0  |p 17A0748957  |o snkČSB 91/19/1930 D1  |i snkK 5128/71  |8 3  |0 0  |1 0  |4 0  |d 2011-11-22  |l 0  |r 2026-02-21 20:40:01  |w 2026-02-21 
952 |t č. 1-5  |a SNK  |b SNK  |y PREZ  |7 0  |p 17A0748300  |o snkČSB 91/5/1895 D2  |i snkF 1512/68  |8 5  |0 0  |1 0  |4 0  |d 2011-11-15  |l 0  |r 2026-02-21 20:40:03  |w 2026-02-21 
952 |t č. 1-10  |a SNK  |b SNK  |y PREZ  |7 0  |p 17A0306835  |o snkČSB 91/15/1905  |i snk471/32  |f 1  |0 0  |1 0  |4 0  |d 2001-07-18  |l 0  |r 2005-01-02 00:00:00  |w 2026-02-21 
952 |t č. 1-[11]  |a SNK  |b SNK  |y PREZ  |7 0  |p 17A0149972  |o snkČSB 91/16/1906  |z pôvodne vytlačených 10 čísel, vzhľadom k tomu, že č. 6 je 2x uvedené, každé s iným textom, malo by byť 11 čísiel; prír. č. nevidno ;   |f 1  |0 0  |1 0  |4 0  |d 1998-08-27  |l 0  |r 2005-01-02 00:00:00  |w 2026-02-21 
952 |t č. 1-10  |a SNK  |b SNK  |y PREZ  |7 0  |p 17A0843839  |o snkČSB 91/15/1904 D2  |i snkF 1482/68  |8 5  |z chýba č. 3  |0 0  |1 0  |4 0  |d 2014-06-04  |l 0  |r 2026-02-21 21:14:28  |w 2026-02-21 
952 |t č. 1-10  |a SNK  |b SNK  |y PREZ  |7 0  |p 17A0190298  |o snkČSB 91/14/1904  |i snk470/32  |f 1  |0 0  |1 0  |4 0  |d 1999-04-20  |l 0  |r 2005-01-02 00:00:00  |w 2026-02-21 
952 |t č. 1-6  |a SNK  |b SNK  |y PREZ  |7 0  |p 17A0350068  |o snkČSB 91/13/1903  |i snk469/32  |f 1  |0 0  |1 0  |4 0  |d 2002-08-27  |l 0  |r 2005-01-02 00:00:00  |w 2026-02-21 
952 |t č. 1-9  |a SNK  |b SNK  |y PREZ  |7 0  |p 17A0055903  |o snkČSB 91/11/1901  |i snk467/32  |f 1  |0 0  |1 0  |4 0  |d 1997-03-24  |l 0  |r 2005-01-02 00:00:00  |w 2026-02-21 
952 |t č. 1-6  |a SNK  |b SNK  |y PREZ  |7 0  |p 17A0031008  |o snkČSB 91/2/1892 D1  |i snkF 1606/70  |8 5  |0 0  |1 0  |4 0  |d 1997-01-16  |l 0  |r 2005-01-01 00:00:00  |w 2026-02-21 
952 |t č. 1-6  |a SNK  |b SNK  |y PREZ  |7 0  |p 17A0061164  |o snkČSB 91/2/1892  |i snk2098/27  |f 1  |0 0  |1 0  |4 0  |d 1997-04-16  |l 0  |r 2005-01-01 00:00:00  |w 2026-02-21 
952 |t č. 1-5  |a SNK  |b SNK  |y PREZ  |7 0  |p 17A0481885  |o snkČSB 91/17/1907  |z chýbajú strany č. 3-6; bez prír. č.  |f 1  |3 rekatalogizácia  |0 0  |1 0  |4 0  |d 2005-08-22  |l 0  |r 2026-02-21 21:40:31  |w 2026-02-21 
952 |t č. 1-8  |a SNK  |b SNK  |y PREZ  |7 0  |p 17A0481802  |o snkČSB 91/18/1908  |z bez prír. č.   |f 1  |3 rekatalogizácia  |0 0  |1 0  |4 0  |d 2005-08-22  |l 0  |r 2026-02-21 21:40:31  |w 2026-02-21 
952 |t č. 1-6  |a SNK  |b SNK  |y PREZ  |7 0  |p 17A0061178  |o snkČSB 91/6/1896  |i snk462/32  |f 1  |0 0  |1 0  |4 0  |d 1997-04-16  |l 0  |r 2005-01-02 00:00:00  |w 2026-02-21 
952 |t č. 1-7  |a SNK  |b SNK  |y PREZ  |7 0  |p 17A1046684  |o snkČSB 91/7/1897  |i snkF 1479/68  |8 5  |f 1  |0 0  |1 0  |4 0  |d 2014-08-27  |l 0  |r 2026-02-21 21:44:22  |w 2026-02-21 
952 |t č. 1-5, neúpl.  |a SNK  |b SNK  |y PREZ  |7 0  |p 17A0712111  |o snkČSB 91/17/1907 D2  |i snk473/32  |z chýba č. 2  |0 0  |1 0  |4 0  |d 2014-08-27  |l 0  |r 2026-02-21 21:44:25  |w 2026-02-21